000 004240000a22001810004500
003 MACL
005 20160128161826.0
008 160128b xxu||||| |||| 00| 0 eng d
040 _aMACL
_cMACL
041 _aEnglish
082 _a910/AKB
100 _aAkbar, M J
_9610
245 _akashmir Behind the Vale
260 _bRoli Books
_c2002
_aNew Delhi
350 _a295
650 _aTravel
_935024
942 _cBK
_k910
_2ddc
999 _c31443
_d31443